Star Wars Jedi: Fallen Order destinations - Statistics

General Stats
  • This quiz has been taken 177 times
  • The average score is 6 of 8
Answer Stats
Planets visited % Correct
Zeffo
95%
Dathomir
92%
Kashyyyk
92%
Bogano
91%
Bracca
78%
Ilum
72%
Nur
69%
Ordo Eris
21%
No matching quizzes found
Score Distribution
Percent of People with Each Score
Percentile by Number Answered
Your Score History
You have not taken this quiz